| 000 | 00923nam a2200241 i 4500 | ||
|---|---|---|---|
| 001 | 188575 | ||
| 003 | ES-MaACL | ||
| 005 | 20250818131152.0 | ||
| 007 | t| | ||
| 008 | 181221s1979 sp bf 00110 spa d | ||
| 100 | 1 |
_aPenella, Carmen. _990164 |
|
| 245 | 1 | 0 |
_aConquista y colonización de América / _cCarmen Penella de Silva. |
| 260 |
_a[Madrid] : _bCírculo de Amigos de la Historia, _c[1979] |
||
| 300 |
_a302 p., [16] p. de lám. : _bmapas ; _c21 cm. |
||
| 490 | 1 |
_aHistoria de España [dirigida por Florentino Pérez-Embid] ; _v10 |
|
| 504 | _aBibliografía: p. [291]-300. | ||
| 651 | 4 |
_aAmérica española- _xHistoria- _y1492-1600 (Descubrimiento y conquista) _97724 |
|
| 700 | 1 |
_aPérez-Embid, Florentino, _d1918-1974 _990840 |
|
| 700 | 2 |
_a _9241919 |
|
| 830 | 1 |
_aHistoria de España [dirigida por Florentino Pérez-Embid] ; _v10 _9184626 |
|
| 852 |
_aES-MaACL _jP-177-7 |
||
| 999 |
_c188575 _d188575 |
||